| 000 | 00000nam##2200000za#4500 |
| 001 | 9.615927 |
| 003 | CaOODSP |
| 005 | 20211126112847 |
| 007 | ta |
| 008 | 150406|2002||||xxc||||| f|0| 0 eng|d |
| 020 | |a0-662-31866-8 |
| 022 | |a1192-5434 |
| 040 | |aCaOODSP|beng |
| 043 | |an-cn--- |
| 086 | 1 |aFB3-2/102-6E |
| 110 | 2 |aBank of Canada. |
| 245 | 10|aCurrency fluctuations, liability dollarization, and the choice of exchange rate regimes in emerging markets / |cby Patrick N. Osakwe. |
| 260 | |aOttawa - Ontario : |bBank of Canada |c2002. |
| 300 | |av, 23p. : |bgraphs, references, tables ; |c28 cm. |
| 490 | 1 |aWorking paper|x1192-5434|v2002-6 |
| 500 | |a"This paper evaluates the performance of an emerging-market economy under a credibly fixed-rate, a collapsing fixed-rate, and a flexible-rate regime using a speculative attack model that takes into account the destabilizing effects of unanticipated movements in exchange rates."--Abstract. |
| 546 | |aRésumés en français |
| 563 | |aSoftcover |
| 590 | |a02-10|b2002-03-08 |
| 690 | 07|aEconomic conditions|2gcpds |
| 690 | 07|aStock markets|2gcpds |
| 720 | 1 |aOsakwe, Patrick N. |
| 776 | 0#|tCurrency fluctuations, liability dollarization, and the choice of exchange rate regimes in emerging markets / |w(CaOODSP)9.571615 |
| 830 | #0|aWorking paper,|x1192-5434|v2002-6|w(CaOODSP)9.514622 |